000 00251nam a2200097Ia 4500
008 231212s1988 xx 000 0 und d
041 _aeng
100 _aLeventhal L.A.
245 _aIntroducation To Microprocessor
260 _aNew Delhi
_bPrentic
_c1988
999 _c960760
_d960760